| 000 | 00377nam a2200145Ia 4500 | ||
|---|---|---|---|
| 008 | 230917s9999||||xx |||||||||||||| ||und|| | ||
| 040 |
_e215930 _aMAIN |
||
| 041 | _aEnglish | ||
| 082 | _a823.08 K96C | ||
| 100 | _aKumar, Shiv K | ||
| 245 | 0 | _aContemporary Indian short stories in English | |
| 260 |
_aNew Delhi _bSahitya Akademi _c1991 |
||
| 300 | _avi, 241 p. | ||
| 942 | _cBK | ||
| 999 |
_c177742 _d177742 |
||